Salta al contenuto

Системы реального времени: технические и программные средства учебное пособие для вузов

Описываются принципы действия всех составляющих технического комплекса систем «жесткого» реального времени, даются общие сведения о деятельности лица, принимающего решения, о структуре операционных систем и программировании для систем реального времени. Рассматривается пример структурной схемы прогр...

Descrizione completa

Salvato in:
Dettagli Bibliografici
Autore principale: Древс Ю. Г.
Natura: Книга
Lingua:Russian
Pubblicazione: Москва НИЯУ МИФИ 2010
Soggetti:
Accesso online:http://e.lanbook.com/books/element.php?pl1_id=75713
https://e.lanbook.com/img/cover/book/75713.jpg
Tags: Aggiungi Tag
Nessun Tag, puoi essere il primo ad aggiungerne! !
LEADER 03016nam0a2200385 i 4500
001 75713
003 RuSpLAN
005 20221220173950.0
008 221220s2010 ru gs 000 0 rus
020 |a 978-5-7262-1310-1 
040 |a RuSpLAN 
041 0 |a rus 
044 |a ru 
080 |a 681.518(075) 
084 |a 32.96-04я7  |2 rubbk 
245 0 0 |a Системы реального времени: технические и программные средства  |b учебное пособие для вузов  |c Древс Ю. Г. 
260 |a Москва  |b НИЯУ МИФИ  |c 2010 
300 |a 320 с. 
500 |a Рекомендовано УМО «Ядерные физика и технологии» для студентов, обучающихся по направлениям «Ядерная физика и технологии» и «Информатика и вычислительная техника», в качестве учебного пособия 
504 |a Библиогр.: доступна в карточке книги, на сайте ЭБС Лань 
520 8 |a Описываются принципы действия всех составляющих технического комплекса систем «жесткого» реального времени, даются общие сведения о деятельности лица, принимающего решения, о структуре операционных систем и программировании для систем реального времени. Рассматривается пример структурной схемы программного обеспечения. Даются краткие сведения об условиях эксплуатации систем управления физическими объектами. Предназначено для студентов инженерных и физических специальностей, изучающих системы управления физическими объектами по направлениям «Ядерная физика и технологии» и «Информатика и вычислительная техника». 
521 8 |a Книга из коллекции НИЯУ МИФИ - Инженерно-технические науки 
653 0 |a автор мифи 
653 0 |a аналого-цифровые преобразователи 
653 0 |a датчики 
653 0 |a детекторы 
653 0 |a микроконтроллеры 
653 0 |a микропроцессоры 
653 0 |a операционные системы 
653 0 |a системы управления 
653 0 |a фильтры 
100 1 |a Древс Ю. Г. 
856 4 |u http://e.lanbook.com/books/element.php?pl1_id=75713 
856 4 8 |u https://e.lanbook.com/img/cover/book/75713.jpg 
953 |a https://e.lanbook.com/img/cover/book/75713.jpg 
Cannot write session to /tmp/vufind_sessions/sess_i8lscc1qlbj61lr1b2id6ul9h0